| 000 | 02292nam2a2200301 4500 | ||
|---|---|---|---|
| 001 | RU\NLR\BIBL_A\022704697 | ||
| 005 | 20260216174814.0 | ||
| 010 |
_a978-5-295-08238-2 _9500 |
||
| 021 |
_aRU _bКН-П-25-072019 _9КН-П-25-6977 |
||
| 035 | _a(NLR Aleph) 022704697 | ||
| 090 |
_a13534993 _c13534993 |
||
| 100 | _a20260120d2025 u y0rusy50 ca | ||
| 101 | 0 | _arus | |
| 102 | _aRU | ||
| 105 | _ay z 000zy | ||
| 200 | 0 |
_aТ. 7 _eв семи томах _eсборник произведений русских писателей конце ХХ–XXI в. о башкирском крае _fсоставление, предисловие, биографические справки, комментарии и библиография И. Г. Кульсариной и Е. Р. Рахимкулова _gредакционная коллегия: А. Г. Баймухамедов [и др.] |
|
| 210 |
_aУфа _cКитап _d2025 |
||
| 215 | _a622, [1] с. | ||
| 300 | _aНа обороте тит. с.: К 100-летнему юбилею основоположника антологии М. Г. Рахимкулова | ||
| 320 | _aБиблиогр.: с. 613–618, в тексте коммент. и в подстроч. примеч. | ||
| 327 | 1 | _aСодерж. авт.: К. В. Андрианова-Книга, Э. А. Байков, В. А. Богданов, С. В. Вахитов, А. Ю. Генатулин, В. О. Глуховцев, А. И. Самойлов, Г. И. Горельников, Ю. А. Горюхин [и др.] | |
| 461 | 0 |
_1001rc\300347 _12001#$aБашкирия в русской литературе$e[Сборник$eВ 6 т.$fСост. и авт. предисл., с. 5-22, М.Г. Рахимкулов]$vТ. 7 _97827630 _cУфа _d1989-2025 _fСост. и авт. предисл., с. 5-22, М.Г. Рахимкулов] _nБашк. кн. изд-во _o[Сборник : В 6 т. _tБашкирия в русской литературе _vТ. 7 |
|
| 702 | 1 |
_aКульсарина _bИ. Г. _f1974- _gИрена Галинуровна _4220 _4080 |
|
| 702 | 1 |
_4340 _7ca _8rus _aБаймухаметов _bА. Г. _f1988- _gАйгиз Гиззатович _9152349 _3RU\NLR\AUTH\770152387 |
|
| 942 | _cBOOK | ||
| 980 | _aNB | ||